[Event "Classics GMA"]
[Site "Gausdal NOR"]
[Date "2006.04.30"]
[Round "8"]
[White "Kveinys,A"]
[Black "Porper,E"]
[Result "1-0"]
[WhiteElo "2532"]
[BlackElo "2469"]

1.e4 e6 2.d4 d5 3.Nd2 Be7 4.Bd3 c5 5.dxc5 Nf6 6.Qe2 Nc6 7.Ngf3 Bxc5 8.O-O Be7
9.Re1 Qc7 10.a3 h6 11.b4 dxe4 12.Nxe4 Nxe4 13.Qxe4 Bf6 14.Bf4 Qb6 15.Rab1 Bd7
16.c4 Ne7 17.Ne5 Bxe5 18.Bxe5 f6 19.c5 Qc6 20.Bd6 a6 21.Qg4 Rg8 22.Bg6+ Kd8
23.Bf7 e5 24.Qc4 Rf8 25.Rbd1 a5 26.Be6 Kc8 27.b5 Bxe6 28.Qxe6+ Qd7 29.Qxe7  1-0

[Event "XIII TCh-RUS"]
[Site "Sochi RUS"]
[Date "2006.04.30"]
[Round "11"]
[White "Tiviakov,S"]
[Black "Zvjaginsev,V"]
[Result "1/2-1/2"]
[WhiteElo "2669"]
[BlackElo "2670"]

1.e4 e6 2.d4 d5 3.Nd2 a6 4.Ngf3 c5 5.exd5 exd5 6.dxc5 Bxc5 7.Nb3 Bb6 8.Bd3 Nc6
9.O-O Nf6 10.Re1+ Be6 11.Be3 Bxe3 12.Rxe3 O-O 13.h3 Qb6 14.c3 Rfe8 15.Qc2 Bd7
16.Rae1 g6 17.Nbd4 Nxd4 18.Nxd4 Rxe3 19.Rxe3 Re8 20.Rxe8+ Bxe8 21.Be2 Bd7
22.Bf3 Qd6 23.Qd2 Qe5 24.c4 dxc4 25.Bxb7 a5 26.Bf3 h5 27.Qc3 Qg5 28.Kf1 Qf4
29.Ne2 Qf5 30.Kg1 Qg5 31.Kh2 Qh4 32.Qe5 Ng4+ 33.Bxg4 hxg4 34.Qd4 Be6 35.Kg1 Qg5
36.hxg4 Bxg4 37.Qf4 Qxf4 38.Nxf4 g5 39.Nd5 Be6 40.Nc3 Kg7 41.f3 Kf6 42.Kf2 Ke5
43.g4 Kd4 44.Ke2 Bd5 45.Nb5+  1/2-1/2

[Event "GM"]
[Site "Hockenheim/Willingen GER"]
[Date "2006.05.01"]
[Round "1"]
[White "Meier,Geo"]
[Black "Gasthofer,A"]
[Result "1-0"]
[WhiteElo "2407"]
[BlackElo "2415"]

1.e4 e6 2.d4 d5 3.Nd2 a6 4.Ngf3 c5 5.exd5 exd5 6.Qe2+ Be7 7.dxc5 Nf6 8.Nb3 O-O
9.Qd1 Nbd7 10.Be3 Qc7 11.Be2 Nxc5 12.Nxc5 Bxc5 13.Bxc5 Qxc5 14.O-O Bg4 15.Re1 Rfe8
16.Nd4 Bxe2 17.Rxe2 Rxe2 18.Nxe2 Re8 19.Nd4 Qb4 20.Rb1 Qc4 21.a3 g6 22.c3 Kg7
23.Rc1 h6 24.Rc2 Re7 25.h3 Qc7 26.Rd2 Ne4 27.Re2 Nf6 28.Rd2 Ne4 29.Rd3 Nc5
30.Rg3 Kh7 31.Nc2 Na4 32.Ne3 Nxb2 33.Qxd5 Qxc3 34.Nf5 Re1+ 35.Kh2 Qf6 36.Qd2 Qe5
37.Qxh6+ Kg8 38.Nh4 Nd1 39.Nf3 Nxf2 40.Nxe1 Qxe1 41.Re3  1-0

[Event "ch-UKR sf"]
[Site "Alushta UKR"]
[Date "2006.05.17"]
[Round "5"]
[White "Shepotilo,V"]
[Black "Shmat,S"]
[Result "1/2-1/2"]
[WhiteElo "2219"]
[BlackElo "2032"]

1.e4 e6 2.d4 d5 3.Nd2 Nc6 4.c3 e5 5.dxe5 Nxe5 6.f4 Ng4 7.Qf3 Bc5 8.Nb3 Bf2+
9.Ke2 b6 10.Qd3 a5 11.Qxd5 Ba6+ 12.Kf3 Qxd5 13.exd5 Bxf1 14.Nh3 Bh4 15.Kxg4 Bxg2
16.Rg1 Bxh3+ 17.Kxh4 Bf5 18.Nd4 Be4 19.Rxg7  1/2-1/2

[Event "ch-UKR sf"]
[Site "Alushta UKR"]
[Date "2006.05.17"]
[Round "5"]
[White "Varitski,I"]
[Black "Dolzhikova,K"]
[Result "1-0"]
[WhiteElo "2355"]
[BlackElo "2284"]

1.e4 e6 2.d4 d5 3.Nd2 Nc6 4.Ngf3 Nf6 5.e5 Nd7 6.Be2 Be7 7.Nf1 f6 8.exf6 Nxf6
9.Ng3 Bd6 10.O-O O-O 11.c4 b6 12.Re1 Kh8 13.Bf1 dxc4 14.Bxc4 Nd5 15.Ng5 Qf6
16.N3e4 Qxd4 17.Qh5 h6 18.Nf7+ Kg8 19.Nxh6+ gxh6 20.Bxh6 Qe5 21.Qg6+ Kh8
22.Nxd6 Qf6 23.Qh5 Kg8 24.Bxf8 cxd6 25.Bxd5  1-0

[Event "37th Olympiad w"]
[Site "Turin ITA"]
[Date "2006.05.23"]
[Round "3"]
[White "Wang Yu A"]
[Black "Leconte,M"]
[Result "1-0"]
[WhiteElo "2390"]
[BlackElo "2345"]

1.e4 e6 2.d4 d5 3.Nd2 Be7 4.e5 c5 5.Qg4 Kf8 6.dxc5 Nc6 7.Qg3 f6 8.Ngf3 Nh6
9.Nb3 Nf5 10.Qf4 g5 11.Qd2 Nxe5 12.Nxe5 fxe5 13.Be2 a5 14.a4 b6 15.cxb6 Qxb6
16.O-O Kg7 17.Qe1 Bb7 18.Bb5 e4 19.Bd2 Bd8 20.c4 e5 21.cxd5 Bxd5 22.Bc3 Nd4
23.Nxd4 exd4 24.Rd1 Bf6 25.Rxd4 Bxd4 26.Qe3 Kg6 27.Bxd4 Qe6 28.Bxh8 Rxh8
29.Rd1 Rf8 30.Qd4 Rf5 31.Rc1 e3 32.Qxe3 Re5 33.Qd3+ Kf6 34.h3 g4 35.Qd4 gxh3
36.f4  1-0

[Event "37th Olympiad w"]
[Site "Turin ITA"]
[Date "2006.05.23"]
[Round "3"]
[White "Peptan,C"]
[Black "Sedina,E"]
[Result "1-0"]
[WhiteElo "2408"]
[BlackElo "2373"]

1.e4 e6 2.d4 d5 3.Nd2 a6 4.Ngf3 c5 5.dxc5 Bxc5 6.Nb3 Bb6 7.e5 Nc6 8.Bd3 f6
9.Qe2 fxe5 10.Nxe5 Nxe5 11.Qxe5 Nf6 12.Be3 Bc7 13.Qg5 O-O 14.f4 h6 15.Qh4 e5
16.fxe5 Ng4 17.Qxd8 Rxd8 18.Bd4 Nxe5 19.Bxe5 Bxe5 20.O-O-O Bg4 21.Rdf1 a5
22.a3 b6 23.Bf5 Bxf5 24.Rxf5 Re8 25.h3 a4 26.Nd2 g6 27.Rf3 Bg7 28.Rhf1 Re2
29.R3f2 Rae8 30.Nf3 d4 31.Kd1 R2e4 32.Re1 b5 33.Rxe4 Rxe4 34.Ne1 Be5 35.Nd3  1-0

[Event "3rd All-China Games"]
[Site "Suzhou CHN"]
[Date "2006.05.25"]
[Round "9"]
[White "Xie Jun"]
[Black "Yu Shaoteng"]
[Result "1/2-1/2"]
[WhiteElo "2573"]
[BlackElo "2542"]

1.e4 e6 2.d4 d5 3.Nd2 Be7 4.Bd3 c5 5.exd5 Qxd5 6.Ngf3 Nf6 7.dxc5 Nbd7 8.Nb3 Nxc5
9.Bb5+ Bd7 10.Bxd7+ Ncxd7 11.O-O Rc8 12.c3 O-O 13.Bg5 Rfe8 14.Qe2 Qe4 15.Qxe4 Nxe4
16.Bxe7 Rxe7 17.Rad1 Nb6 18.Rfe1 Nf6 19.Re2 Nfd5 20.g3 Rec7 21.Rd4 Nc4 22.Nc1 b5
23.Nd3 a6 24.a3 h6 25.Nb4 Nxb4 26.axb4 Kf8 27.Rd1 a5 28.bxa5 Nxa5 29.Re5 Rb7
30.Nd4 Nc4 31.Rxb5 Nxb2 32.Rxb7 Nxd1 33.Nb5 Nxc3 34.Nd6 Rd8 35.Nxf7 Rd1+
36.Kg2 Rd2 37.Ne5 Nd1 38.Rf7+ Kg8 39.Rf3 Rd5 40.Ng6 Rd7 41.h4 h5 42.Nf4 e5
43.Rd3 Rxd3 44.Nxd3 e4 45.Nf4 Kf7 46.Kf1 g6 47.Ke2 Nc3+ 48.Kd2 Nb5 49.Ke3 Nd6
50.Ne2 Kf6 51.Kf4 Nf5 52.Nc3 Nd4 53.Nxe4+ Kg7 54.Ke5 Nf5 55.Nd6 Nh6 56.f3 Ng8
57.Ke6 Nh6 58.Ke5 Ng8 59.Ke6 Nh6 60.f4 Ng4 61.Ne8+ Kf8 62.Nf6 Nh6 63.Ne4 Kg7
64.Nd6 Ng4 65.f5 gxf5 66.Kxf5 Kh6 67.Nf7+ Kg7 68.Ne5 Nf2 69.Nc4 Kh6 70.Ne3 Nh1
71.Kf4 Nf2 72.Nd5 Nd3+ 73.Ke3 Ne5 74.Ke4 Ng4 75.Ne3 Nf2+ 76.Kf4 Kg6 77.Nc4 Nd3+
78.Ke3 Nc5 79.Kf4 Nd3+ 80.Ke4 Nf2+ 81.Ke5 Nh1 82.Kf4 Nf2 83.Ne5+ Kf6 84.Nf3 Kg6
85.Nd2 Nd3+ 86.Ke3 Ne5 87.Nf3 Ng4+ 88.Kf4 Nf2 89.Ne5+ Kf6 90.Kf3 Kxe5 91.Kxf2 Ke4
92.Ke2 Kf5 93.Kf3 Ke5  1/2-1/2

[Event "37th Olympiad w"]
[Site "Turin ITA"]
[Date "2006.05.25"]
[Round "5"]
[White "Nur Shazwani,Z"]
[Black "Leconte,M"]
[Result "0-1"]
[WhiteElo "2108"]
[BlackElo "2345"]

1.e4 e6 2.d4 d5 3.Nd2 Be7 4.c3 c5 5.dxc5 Nf6 6.exd5 Qxd5 7.Ngf3 Bxc5 8.Bb5+ Nc6
9.Qe2 a6 10.Ba4 b5 11.Bc2 Bb7 12.O-O Ne7 13.Nb3 Bb6 14.Be3 Bc7 15.Rfd1 Qh5
16.h3 Ned5 17.a4 Nxe3 18.Qxe3 O-O 19.Nbd4 e5 20.Nf5 e4 21.N3d4 Rfe8 22.g4 Nxg4
23.hxg4 Qh2+ 24.Kf1 Bf4 25.Qe1 e3 26.f3 e2+ 27.Nxe2 Qh3+ 28.Kg1 Bh2+  0-1

[Event "37th Olympiad w"]
[Site "Turin ITA"]
[Date "2006.05.27"]
[Round "6"]
[White "Calzetta,M"]
[Black "Zhukova,N"]
[Result "0-1"]
[WhiteElo "2317"]
[BlackElo "2425"]

1.e4 e6 2.d4 d5 3.Nd2 a6 4.Bd3 c5 5.dxc5 Bxc5 6.Ngf3 Nf6 7.Qe2 Nc6 8.O-O Qc7
9.e5 Ng4 10.Nb3 Ba7 11.Bf4 f6 12.Rae1 Bb8 13.Bg3 Ngxe5 14.Nfd4 O-O 15.c3 Qf7
16.Bb1 Re8 17.Nc5 Ba7 18.b4 Nxd4 19.cxd4 Nc4 20.Qd3 g6 21.Re2 b6 22.Nb3 Bd7
23.Rfe1 Na3 24.Qxa6 Nc4 25.Qb7 Bb5 26.Qxf7+ Kxf7 27.Bd3 Bb8 28.Bxb8 Raxb8
29.f4 Ra8 30.Nc1 Ra4 31.Bc2 Ra3 32.Bb3 Nd6 33.Rc2 Bc4 34.Re3 Nf5 35.Rh3 h5
36.Bxc4 Rxh3 37.Bb5 Re3 38.Bxe8+ Kxe8 39.Nb3 Kd7 40.Rd2 Kc6 41.Kf2 Kb5 42.Nc1 Rc3
43.Ne2 Rc4 44.a3 Ka4 45.Rd3 Rc2 46.Ke1 Kb5 47.Kd1 Rc8 48.Kd2 Nd6 49.Nc3+ Kc4
50.Re3 Re8 51.Rd3 Ra8 52.Nb1 Nb5 53.Ke3 Nd6 54.Rc3+ Kb5 55.Rc7 Nc4+ 56.Kd3 Nxa3
57.Nc3+ Kxb4 58.Rc6 Nc4 59.Rxe6 Ra3 60.Rxf6 Rxc3+ 61.Ke2 Rc2+ 62.Kf3 Kc3
63.Rxg6 Kxd4 64.Rh6 b5 65.Rxh5 b4  0-1

[Event "37th Olympiad w"]
[Site "Turin ITA"]
[Date "2006.05.29"]
[Round "8"]
[White "Peptan,C"]
[Black "Leconte,M"]
[Result "1-0"]
[WhiteElo "2408"]
[BlackElo "2345"]

1.e4 e6 2.d4 d5 3.Nd2 Nc6 4.Ngf3 Nf6 5.e5 Nd7 6.Bb5 a6 7.Bxc6 bxc6 8.O-O c5
9.c3 a5 10.Qa4 cxd4 11.cxd4 c5 12.dxc5 Bxc5 13.Nb3 O-O 14.Bd2 Bb6 15.Rfc1 Bb7
16.Qg4 Qe7 17.Nbd4 Nc5 18.Bg5 f6 19.exf6 Rxf6 20.Bxf6 Qxf6 21.Rxc5 Bxc5 22.Qxe6+ Qxe6
23.Nxe6 Bb6 24.Ned4 Re8 25.h3 g6 26.Rd1 Kg7 27.Rd3 a4 28.Ra3 Ra8 29.Re3 Kf8
30.Re6 Bc5 31.b4 axb3 32.Nxb3 Ba7 33.Ng5 h6 34.Rf6+ Ke8 35.Nf3 Rc8 36.Rxg6 Rc2
37.Nbd4 Rxa2 38.Rxh6 Rb2 39.g3 Bc5 40.Re6+ Kf7 41.Ng5+ Kf8 42.Re5 Bb6 43.Rf5+ Ke8
44.Ngf3 Rb1+ 45.Kg2 Rd1 46.Nb5 Bc5 47.h4 Ke7 48.h5 Bc8 49.Re5+ Kf6 50.Nc3 Rc1
51.Nxd5+ Kg7 52.Rg5+ Kh6 53.Rg6+  1-0

[Event "21st Schachtage"]
[Site "Hassloch GER"]
[Date "2006.06.03"]
[Round "2"]
[White "Chernov,Va"]
[Black "Hilmer,F"]
[Result "1-0"]
[WhiteElo "2458"]
[BlackElo "2172"]

1.e4 e6 2.d4 d5 3.Nd2 Nc6 4.Ngf3 Nf6 5.e5 Nd7 6.Bd3 f6 7.Ng5 Ndxe5 8.dxe5 fxg5
9.Qh5+ g6 10.Bxg6+ Kd7 11.O-O Nxe5 12.Bd3 Bd6 13.Nb3 Qe8 14.Qe2 Nxd3 15.cxd3 Qg6
16.f4 g4 17.Nd4 Rf8 18.Be3 b6 19.Qc2 Bb7 20.b4 c6 21.a3 Rac8 22.Rac1 Ba6
23.f5 exf5 24.Bf4 Bxf4 25.Rxf4 Rce8 26.Rcf1 Re5 27.Qa4 Bb7 28.Qxa7 Kc7 29.Rc1 Ra8
30.Nb5+  1-0

[Event "2nd Festival"]
[Site "Lodi ITA"]
[Date "2006.06.08"]
[Round "6"]
[White "Buccoliero,A"]
[Black "Contin,D"]
[Result "0-1"]
[WhiteElo "2205"]
[BlackElo "2396"]

1.e4 e6 2.d4 d5 3.Nd2 Nc6 4.Ngf3 Nf6 5.e5 Nd7 6.Bd3 f6 7.exf6 Qxf6 8.Nf1 e5
9.Bg5 Qe6 10.dxe5 Ndxe5 11.Nxe5 Nxe5 12.Qe2 Nxd3+ 13.cxd3 Qxe2+ 14.Kxe2 Bd6
15.Be3 O-O 16.Ng3 b6 17.d4 Ba6+ 18.Kd2 c5 19.f3 Rae8 20.Rhe1 cxd4 21.Bxd4 Bf4+
22.Kd1 g6 23.a4 Rxe1+ 24.Kxe1 Bc4 25.Kf2 Rc8 26.a5 bxa5 27.Rxa5 a6 28.Nf1 Bb5
29.Ne3 Bxh2 30.g3 Rc1 31.Ra3 Bg1+ 32.Kg2 Kf7 33.f4 h5 34.Be5 d4  0-1

[Event "VIII Open"]
[Site "Salou ESP"]
[Date "2006.06.10"]
[Round "4"]
[White "Hamdouchi,H"]
[Black "Caruana,F"]
[Result "1-0"]
[WhiteElo "2559"]
[BlackElo "2421"]

1.e4 e6 2.d4 d5 3.Nd2 Be7 4.e5 c5 5.Qg4 g6 6.dxc5 Nc6 7.Bb5 f6 8.Ngf3 Nh6
9.Bxc6+ bxc6 10.Qa4 O-O 11.O-O Qc7 12.Nb3 Nf7 13.Bf4 Nxe5 14.Kh1 a5 15.Rfe1 Qb7
16.Nxe5 fxe5 17.Bxe5 Rxf2 18.Rf1 Rxf1+ 19.Rxf1 Bd7 20.Bd6 Qa6 21.Nd2 Rf8
22.Rxf8+ Bxf8 23.Bxf8 Kxf8 24.Qf4+ Ke8 25.Qe5 Qb5 26.Qh8+ Ke7 27.Qxh7+ Kd8
28.Qh8+ Kc7 29.Qc3 Qe2 30.h3 e5 31.Nf3 e4 32.Ne5 Kc8 33.Kh2 Qf2 34.Qg3 e3
35.Nd3 Qd2 36.Qxg6 e2 37.Qg8+ Kc7 38.Qg3+ Kc8 39.Ne1 Qd4 40.Qf3 Qe5+ 41.Kg1 Qd4+
42.Qf2 Qxb2 43.Qxe2 Qxa2 44.Nf3 Qb1+ 45.Kh2 Qb4 46.Qe3 a4 47.Qd4 Qc4 48.Qh8+ Kc7
49.Qe5+ Kc8 50.Qd6 Qe4 51.Qf8+ Kc7 52.Qf6 Bf5 53.Qd6+ Kb7 54.c3 Qe8 55.Nd4 Be4
56.Ne6 Qb8 57.Nd8+ Kc8 58.Qxb8+ Kxb8 59.Nxc6+ Kb7 60.Nb4 a3 61.Kg3 Bb1 62.Kf4 a2
63.Nxa2 Bxa2 64.Ke5 Kc6 65.Kd4 Bc4 66.g4 Be2 67.g5 Bh5 68.c4 dxc4 69.Kxc4 Bg6
70.h4 Bf7+ 71.Kd4 Be8 72.Ke5 Kxc5 73.Kf6  1-0

[Event "Open A"]
[Site "Voronezh RUS"]
[Date "2006.06.12"]
[Round "1"]
[White "Lastin,A"]
[Black "Provotorov,I"]
[Result "1-0"]
[WhiteElo "2610"]
[BlackElo "2333"]

1.e4 e6 2.d4 d5 3.Nd2 a6 4.Ngf3 Nf6 5.Bd3 c5 6.e5 Nfd7 7.c3 Nc6 8.O-O Be7
9.Re1 b5 10.Nf1 b4 11.Ng3 h5 12.Be3 c4 13.Bc2 h4 14.Ne2 Rb8 15.Qd2 b3 16.Bd1 bxa2
17.Rxa2 Na5 18.Bc2 Nb3 19.Qd1 Rb5 20.Nf4 g5 21.Ne2 Rg8 22.h3 Bb7 23.Nh2 Qc7
24.Ng4 Nb6 25.Rf1 Kd8 26.f4 gxf4 27.Nxf4 Bg5 28.Nxe6+ fxe6 29.Bxg5+ Rxg5
30.Rf8+ Ke7 31.Qf3  1-0

[Event "ch-StP"]
[Site "St Petersburg RUS"]
[Date "2006.06.13"]
[Round "11"]
[White "Yemelin,V"]
[Black "Vitiugov,N"]
[Result "1/2-1/2"]
[WhiteElo "2520"]
[BlackElo "2550"]

1.e4 e6 2.d4 d5 3.Nd2 Be7 4.Bd3 c5 5.dxc5 Nf6 6.Qe2 O-O 7.Ngf3 a5 8.c3 Nfd7
9.O-O Nxc5 10.Bc2 b6 11.Rd1 Ba6 12.Qe3 Ra7 13.exd5  1/2-1/2

[Event "Open A"]
[Site "Voronezh RUS"]
[Date "2006.06.13"]
[Round "2"]
[White "Vrublevskaya,O"]
[Black "Gurin,A"]
[Result "1-0"]
[WhiteElo "2152"]
[BlackElo "2288"]

1.e4 e6 2.d4 d5 3.Nd2 Nc6 4.Ngf3 Nf6 5.e5 Nd7 6.Be2 f6 7.exf6 Nxf6 8.Bb5 Bd7
9.O-O Bd6 10.Re1 O-O 11.c4 Re8 12.Bxc6 Bxc6 13.c5 Bf8 14.Ne5 Bd7 15.Ndf3 Re7
16.Bg5 Be8 17.h3 c6 18.Ng4 Rf7 19.Rxe6 Bd7 20.Re2 Bxg4 21.hxg4 h6 22.Bxf6 Qxf6
23.Ne5 Rc7 24.Qd3 g5 25.Rae1 Bg7 26.Ng6 Qxd4 27.Re8+ Rxe8 28.Rxe8+ Kf7 29.Rf8+ Bxf8
30.Qxd4 Kxg6 31.g3 Rf7 32.Kg2 Be7 33.Qa4 a6 34.b4 Bf6 35.Qc2+ Kg7 36.Qd3 Re7
37.Qf5 Re4 38.a3 Kf7 39.Kf1 Re6 40.Qh7+ Bg7 41.Qf5+ Ke7 42.f4 gxf4 43.gxf4 d4
44.a4 Kd7 45.b5 axb5 46.axb5 Ke7 47.Qb1 Rf6 48.f5 Kf8 49.Qa2 cxb5  1-0

[Event "Open A"]
[Site "Voronezh RUS"]
[Date "2006.06.14"]
[Round "3"]
[White "Yandemirov,V"]
[Black "Kiselev,Vi2"]
[Result "1-0"]
[WhiteElo "2520"]
[BlackElo "2389"]

1.e4 e6 2.d4 d5 3.Nd2 Be7 4.Bd3 c5 5.dxc5 Nf6 6.Qe2 Nc6 7.Ngf3 Bxc5 8.O-O h6
9.exd5 Nxd5 10.Ne4 Be7 11.c4 Ndb4 12.Bb1 Nd4 13.Nxd4 Qxd4 14.Bf4 g5 15.Rd1 Qg7
16.Nd6+ Kf8 17.Be5 Bf6 18.Bxf6 Qxf6 19.Be4 Nc6 20.Bxc6 bxc6 21.Rd3 Qe7 22.Rad1 e5
23.Qe4 Kg7 24.Qxc6 Rb8 25.b3 Bb7 26.Nf5+  1-0

[Event "Open A"]
[Site "Voronezh RUS"]
[Date "2006.06.18"]
[Round "6"]
[White "Matsenko,S"]
[Black "Orekhov,V"]
[Result "1-0"]
[WhiteElo "2364"]
[BlackElo "2261"]

1.e4 e6 2.d4 d5 3.Nd2 Nc6 4.Ngf3 Nf6 5.e5 Nd7 6.Be2 f6 7.exf6 Qxf6 8.Nf1 Bd6
9.Ne3 O-O 10.O-O Ne7 11.Ng4 Qg6 12.h3 Nf5 13.Bd3 Nf6 14.Nge5 Bxe5 15.dxe5 Ne4
16.c4 b6 17.cxd5 exd5 18.Bxe4 dxe4 19.Qd5+ Be6 20.Qxe4 Rad8 21.Nh4 Qh5 22.Nxf5 Bxf5
23.Qc6 Bd3 24.Re1 Qh4 25.Be3 Be4 26.Qc4+ Kh8 27.g3 b5 28.Qb4 c5 29.Bxc5  1-0

[Event "IM"]
[Site "Balatonlelle HUN"]
[Date "2006.06.19"]
[Round "3"]
[White "Szabo,Zso2"]
[Black "Werner,Di"]
[Result "1/2-1/2"]
[WhiteElo "2460"]
[BlackElo "2333"]

1.e4 e6 2.d4 d5 3.Nd2 Be7 4.Bd3 c5 5.dxc5 Nf6 6.exd5 Qxd5 7.Ngf3 Qxc5 8.O-O Nbd7
9.Nb3 Qc7 10.Nbd4 a6 11.c3 O-O 12.Re1 Bd6 13.a4 b6 14.a5 bxa5 15.Bc2 Rb8
16.h3 Bf4 17.Nb3 Bxc1 18.Qxc1 Rb5 19.Nfd4 Rd5 20.Ra4 Bb7 21.c4 Rh5 22.Bd1 Re5
23.Rxe5 Qxe5 24.Bf3 Bxf3 25.Nxf3 Qb8 26.Nxa5 Nc5 27.Ra3 Nfe4 28.Qc2 Qb6 29.Nb3 Rb8
30.Nxc5 Nxc5 31.Ra2 h6 32.Qc3 Qd6 33.Qd2 Qb6  1/2-1/2

[Event "20th Open"]
[Site "Pula CRO"]
[Date "2006.06.19"]
[Round "2"]
[White "Bazaj Bockai,S"]
[Black "Fucak,E"]
[Result "1-0"]
[WhiteElo "2118"]
[BlackElo "2291"]

1.e4 e6 2.d4 d5 3.Nd2 Be7 4.Bd3 c5 5.exd5 Qxd5 6.Ngf3 Nf6 7.Bc4 Qd8 8.Nb3 cxd4
9.Nbxd4 a6 10.a4 e5 11.Nb3 Qc7 12.Qe2 Nc6 13.Nbd2 Bg4 14.c3 O-O 15.O-O Kh8
16.h3 Bh5 17.Bd3 Rad8 18.Re1 Nd5 19.Nc4 f6 20.a5 Bc5 21.g4 Bf7 22.Nh4 Rfe8
23.Qe4 g6 24.Qf3 Kg7 25.Ng2 Ba7 26.Nb6 Nxa5 27.Bh6+ Kg8 28.Nxd5 Bxd5 29.Qxf6 Re6
30.Qg5 Bxg2 31.Bf5 Ree8 32.Kxg2 Kf7 33.Be4 Nc6 34.Rad1 Rxd1 35.Rxd1 Ne7 36.Qd2 Bb6
37.Qc2 Qc4 38.Rd7 Ke6 39.Rxb7 Bc5 40.b3  1-0

[Event "IM"]
[Site "Balatonlelle HUN"]
[Date "2006.06.21"]
[Round "5"]
[White "Vas,P SWE"]
[Black "Werner,Di"]
[Result "1/2-1/2"]
[WhiteElo "2168"]
[BlackElo "2333"]

1.e4 e6 2.d4 d5 3.Nd2 Be7 4.Bd3 c5 5.dxc5 Nf6 6.Qe2 O-O 7.Ngf3 a5 8.a4 Na6
9.e5 Nd7 10.Nd4 Ndxc5 11.N2f3 Nxd3+ 12.cxd3 Bd7 13.O-O Nc5 14.b3 Qb8 15.Ba3 Re8
16.Rfc1 Na6 17.Bxe7 Rxe7 18.Qd2 Nb4 19.Rc5 Bc6 20.Rac1 Qa7 21.h4 Qb6 22.h5 h6
23.Qe3 Rf8 24.Nh2 Na2 25.R1c2 Nb4 26.Rc1 Na2 27.R1c2 Nb4 28.R2c3 Na2 29.Rc2  1/2-1/2

[Event "Open A"]
[Site "Voronezh RUS"]
[Date "2006.06.21"]
[Round "9"]
[White "Uzhva,A"]
[Black "Manelis,V"]
[Result "1/2-1/2"]
[WhiteElo "2264"]
[BlackElo "2327"]

1.e4 e6 2.d4 d5 3.Nd2 a6 4.Ngf3 c5 5.exd5 exd5 6.dxc5 Bxc5 7.Nb3 Be7 8.h3 Nf6
9.Bd3 O-O 10.O-O Nc6 11.c3 Re8 12.Bg5 h6 13.Bh4 g5 14.Bg3 Ne4 15.Nfd4 Bd6
16.Bxd6 Qxd6 17.Re1 Bd7 18.Nxc6 Qxc6 19.Nd4 Qf6 20.Qf3 Qxf3 21.Nxf3 Kg7 22.Nd4 Nd6
23.f3 f5 24.Kf2  1/2-1/2

[Event "II Open"]
[Site "Sort ESP"]
[Date "2006.06.26"]
[Round "1"]
[White "Rautanen,S"]
[Black "Westerinen,H"]
[Result "0-1"]
[WhiteElo "1940"]
[BlackElo "2386"]

1.e4 e6 2.d4 d5 3.Nd2 Be7 4.Bd3 c5 5.dxc5 Nf6 6.exd5 Qxd5 7.Ngf3 Qxc5 8.Qe2 Nc6
9.c3 O-O 10.O-O Qh5 11.Nc4 b6 12.Nce5 Nxe5 13.Qxe5 Bb7 14.Qxh5 Nxh5 15.Ng5 Nf6
16.Re1 Rfd8 17.Be2 h6 18.Bf3 Bd5 19.Bxd5 Rxd5 20.Nf3 Nd7 21.Bf4 Nc5 22.Be3 Nd3
23.Re2 Bf6 24.g3 b5 25.Rd1 Ne5 26.Rxd5 Nxf3+ 27.Kg2 Nh4+ 28.gxh4 exd5 29.h5 a6
30.Rd2 Rd8 31.Kf3 Kf8 32.Kg4 Ke7 33.Kf5 Kd6 34.Rd1 Re8 35.Bf4+ Kc6 36.Rd2 a5
37.f3 Re1 38.a3 Rf1 39.Kg4 Rg1+ 40.Kf5 Bg5 41.Re2 Bxf4 42.Kxf4 Rg5 43.h4 Rxh5
44.Kg4 g6 45.f4 Rf5 46.Re7 h5+ 47.Kg3 a4 48.Re8 Rf6 49.Re7 Rf5 50.Ra7 d4
51.cxd4 Kd5 52.Rd7+ Ke4 53.d5 Rxd5 54.Re7+ Kd3 55.Rc7 Rf5 56.Kf3 Kd4 57.Rd7+ Kc4
58.Ke4 Kb3 59.Rd2 Rc5 60.Kf3 Rc2 61.Rd5 Rxb2 62.Rxb5+ Kxa3 63.Ra5 Rb4 64.Ra7 Kb2  0-1

[Event "34th World Open"]
[Site "Philadelphia USA"]
[Date "2006.06.28"]
[Round "1"]
[White "Young,Z"]
[Black "Formanek,E"]
[Result "0-1"]
[WhiteElo "2077"]
[BlackElo "2286"]

1.e4 e6 2.d4 d5 3.Nd2 Nc6 4.Ngf3 Nf6 5.e5 Nd7 6.c3 f6 7.Nh4 Qe7 8.f4 fxe5
9.Qh5+ g6 10.Nxg6 Qf7 11.fxe5 Qxg6 12.Qxg6+ hxg6 13.Bd3 Rg8 14.Nf3 Be7 15.Ng5 Nd8
16.h4 Nf8 17.g4 c5 18.Nf3 Nc6 19.Bd2 Bd7 20.h5 gxh5 21.gxh5 cxd4 22.h6 dxc3
23.bxc3 O-O-O 24.Ke2 Rg2+ 25.Kf1 Rg3 26.Kf2 Rxf3+ 27.Kxf3 Nxe5+ 28.Ke2 Nxd3
29.Kxd3 e5 30.Rag1 Bf5+ 31.Ke2 Ng6 32.h7 Rh8 33.Bg5 Kd7 34.Bxe7 Kxe7 35.Ke3 Kf6
36.Rd1 Nf4 37.Rh6+ Kg7 38.Rd6 Rxh7 39.Rg1+ Kf7 40.Rg5 Ke7  0-1

[Event "White Nights Open"]
[Site "St Petersburg RUS"]
[Date "2006.06.28"]
[Round "6"]
[White "Zuttis,S"]
[Black "Rodkin,F"]
[Result "0-1"]
[WhiteElo "2097"]
[BlackElo "2166"]

1.e4 e6 2.d4 d5 3.Nd2 Nc6 4.c3 e5 5.Ngf3 dxe4 6.Nxe5 Nxe5 7.dxe5 e3 8.fxe3 Bc5
9.Qf3 Ne7 10.Bc4 O-O 11.Nb3 Bb6 12.Nd4 Ng6 13.Qe4 Qg5 14.Nf3 Qxg2 15.Rg1 Qh3
16.Ng5 Qxh2 17.Nf3 Qh3 18.Bd2 Bf5 19.Qxb7 Rab8 20.Bxf7+ Kh8 21.Qxb8 Rxb8
22.Bd5 Be6 23.Be4 Rf8 24.O-O-O Rxf3 25.Bxg6 Rg3 26.Rh1 Qxh1  0-1

[Event "ch-CHN w"]
[Site "Wuxi CHN"]
[Date "2006.06.29"]
[Round "5"]
[White "Wang Pin"]
[Black "Gong Qianyun"]
[Result "1-0"]
[WhiteElo "2393"]
[BlackElo "2355"]

1.e4 e6 2.d4 d5 3.Nd2 Be7 4.Ngf3 Nf6 5.e5 Nfd7 6.Bd3 c5 7.c3 Nc6 8.O-O a5
9.Re1 cxd4 10.cxd4 Qb6 11.Nb1 Nxd4 12.Nxd4 Qxd4 13.Nc3 Bc5 14.Nb5 Qxf2+ 15.Kh1 O-O
16.Bg5 f6 17.Qh5 f5 18.Re2 g6 19.Qh3 Nxe5 20.Rxf2 Bxf2 21.Nc7 Rb8 22.Be2 Bb6
23.Rc1  1-0

[Event "WGM"]
[Site "Marseille FRA"]
[Date "2006.06.30"]
[Round "1"]
[White "Zozulia,A"]
[Black "Cosma,E"]
[Result "1/2-1/2"]
[WhiteElo "2355"]
[BlackElo "2370"]

1.e4 e6 2.d4 d5 3.Nd2 Nc6 4.Ngf3 Nf6 5.e5 Nd7 6.c3 Be7 7.Bd3 a5 8.Qc2 h6
9.O-O b6 10.Qa4 Bb7 11.Re1 Na7 12.Nf1 c6 13.Ng3 h5 14.Ne2 h4 15.h3 Nf8 16.Be3 Qd7
17.Qc2 c5 18.b3  1/2-1/2

[Event "34th World Open"]
[Site "Philadelphia USA"]
[Date "2006.06.30"]
[Round "3"]
[White "Ju,E"]
[Black "Formanek,E"]
[Result "0-1"]
[WhiteElo "2161"]
[BlackElo "2286"]

1.e4 e6 2.d4 d5 3.Nd2 Nc6 4.Ngf3 Nf6 5.e5 Nd7 6.Be2 f6 7.exf6 Nxf6 8.Nf1 Bd6
9.Bg5 e5 10.dxe5 Nxe5 11.Ne3 c6 12.O-O O-O 13.c4 Nxf3+ 14.Bxf3 d4 15.Ng4 Bxg4
16.Bxg4 Qc7 17.Qxd4 Bxh2+ 18.Kh1 Be5 19.Be6+ Kh8 20.Qh4 Bxb2 21.Rad1 Rad8
22.Bf5 h6 23.g4 c5 24.Rg1 Rxd1 25.Rxd1 Nh7 26.Be3 Bd4 27.Bxd4 cxd4 28.Rxd4 Qc5
29.Rd3 Qxc4 30.Qe7 Qc6+ 31.f3 Re8 32.Rd8 Rg8 33.Be6  0-1

[Event "Open"]
[Site "Marseille FRA"]
[Date "2006.07.02"]
[Round "3"]
[White "Karpatchev,A"]
[Black "Marzolo,C"]
[Result "0-1"]
[WhiteElo "2521"]
[BlackElo "2414"]

1.e4 e6 2.d4 d5 3.Nd2 Be7 4.Bd3 c5 5.dxc5 Nf6 6.Qe2 Nc6 7.c3 d4 8.Nb3 dxc3
9.bxc3 Nd7 10.Nf3 e5 11.Be3 Qc7 12.O-O O-O 13.Rfd1 Nf6 14.h3 Nd8 15.Nh4 g6
16.Bh6 Re8 17.Qf3 Ne6 18.Nf5 gxf5 19.exf5 Ng7 20.g4 e4 21.Bxe4 Nxe4 22.Qxe4 Bg5
23.Qxe8+ Nxe8 24.Bxg5 b6 25.Bd8 Qc6 26.Nd4 Qxc5 27.Re1 Bd7 28.Be7 Qxc3 29.Rad1 Ba4
30.Nb3 Qf3 31.Nd4 Qxd1  0-1

[Event "Pivdenny Bank Geller Mem"]
[Site "Odessa UKR"]
[Date "2006.07.02"]
[Round "2"]
[White "Bogdanovich,S"]
[Black "Zhukova,N"]
[Result "0-1"]
[WhiteElo "2190"]
[BlackElo "2425"]

1.e4 e6 2.d4 d5 3.Nd2 a6 4.Ngf3 c5 5.exd5 exd5 6.dxc5 Bxc5 7.Nb3 Bb6 8.Nbd4 Nc6
9.Be2 Nf6 10.O-O O-O 11.h3 Ne4 12.Be3 Re8 13.Re1 Bc7 14.c3 Qd6 15.Rc1 h6
16.Bd3 Bd7 17.Bb1 Rad8 18.Rc2 Ne7 19.Rce2 Ng6 20.Bc2 Nh4 21.Kf1 Nxg2 22.Kxg2 Qg6+
23.Ng5 Bxh3+ 24.Kg1 f5 25.Bxe4 Rxe4 26.Qd2 Rg4+  0-1

[Event "Open"]
[Site "Marseille FRA"]
[Date "2006.07.03"]
[Round "5"]
[White "Howell,D"]
[Black "Marzolo,C"]
[Result "1-0"]
[WhiteElo "2487"]
[BlackElo "2414"]

1.e4 e6 2.d4 d5 3.Nd2 Be7 4.e5 c5 5.Qg4 Kf8 6.dxc5 Nc6 7.Ngf3 h5 8.Qg3 h4
9.Qf4 g5 10.Qa4 Bd7 11.Bb5 h3 12.g4 a6 13.Bxc6 Bxc6 14.Qd4 Nh6 15.Nb3 f5
16.Rg1 f4 17.Bd2 Kg7 18.Ba5 Qc8 19.Qc3 Be8 20.Nfd4 Nf7 21.O-O-O Kg8 22.Rge1 Bf8
23.Bb6 Rh6 24.Qa5 Qd7 25.Bc7 Be7 26.Rd3 Rc8 27.Bd6 Nxd6 28.cxd6 Bd8 29.Qd2 Kf7
30.Rc3 b6 31.Qd3 Rxc3 32.Qxc3 Qb7 33.Nf3 Bd7 34.Nbd4 Rh8 35.Ng1 b5 36.Nb3 Bb6
37.Nc5 Qc6 38.b4 a5 39.a3 axb4 40.axb4 Bc8 41.Nf3 Bd8  1-0

[Event "34th World Open"]
[Site "Philadelphia USA"]
[Date "2006.07.03"]
[Round "7"]
[White "Saint Amand,P"]
[Black "Formanek,E"]
[Result "1/2-1/2"]
[WhiteElo "2126"]
[BlackElo "2286"]

1.e4 e6 2.d4 d5 3.Nd2 Nc6 4.Ngf3 Nf6 5.e5 Nd7 6.c3 f6 7.exf6 Qxf6 8.Bb5 e5
9.dxe5 Ncxe5 10.O-O c6 11.Be2 Be7 12.Nxe5 Nxe5 13.Nf3 O-O 14.Be3 Bd6 15.Qd2 Nxf3+
16.Bxf3 Qe5 17.Rfd1 Qxh2+ 18.Kf1 Be6 19.Ke2 Qe5 20.Qd4 Qf5 21.Qd3 Qxd3+ 22.Rxd3 Bc7
23.Re1 Bf5 24.Rdd1 Rfe8 25.Kf1 Bc2 26.Rd2 Be4 27.Bd1 Bb6 28.Bxb6 axb6 29.f3 Bf5
30.Bb3 Rxe1+ 31.Kxe1 Re8+ 32.Kf2 Kf7 33.c4 dxc4 34.Bxc4+ Kf6 35.a3 Re7 36.Bb3 Rd7
37.Rxd7 Bxd7 38.f4 Be6 39.Bc2 Bf5 40.Bb3 b5 41.Ke3 c5 42.Bd5 b6 43.Bc6 b4
44.axb4 cxb4 45.Bd5 g5 46.fxg5+ Kxg5 47.g3 Kg4 48.Kf2 Bc2 49.Bf3+ Kf5 50.Ke3 Ke5
51.Bc6 Kd6 52.Bf3 Ke5 53.Be2 h6 54.Kd2 Bg6  1/2-1/2